00863cam a22003137a 4500003000500000005001700005008004100022010001000063011001000073020001500083035001000098040000900108082002000117110000800137245009500145260002400240300001300264410000800277490004000285650003400325650002400359650002000383700002700403700002000430700002500450700002600475810000800501830004000509CHAP20220817043536.0990528d1997 it rn 00110 eng d a78043 a79015 a9251041105 a89137 cCHAP04a639.2bF3 v.3732 aFAO10aAquatic animal quarantine and health certification in Asiac/by John Humphrey [and others] aRome :bFAO,c1997. a153 p. :2 aFAO 0aDocumento técnico de pescav; 37314aCuarentena veterinariaxAsia.14aFauna marinaxAsia.14aSanidad animal.0 aArthur, James Richard.0 aHumphrey, John.0 aPhillips, Michael J.0 aSubasinghe, Rohana P.0 aFAO00aDocumento técnico de pescav; 373